MDQL
is popping MORE tags! Check the
thread
!
Quizzes
Events
Quiz Creation
Community
Videos
Private Events
Remove Ads
Sign In
Join for FREE
Feedback
Dark Mode
Quiz Categories
Sports
Geography
Music
Movies
Television
Just For Fun
Miscellaneous
History
Literature
Language
Science
Gaming
Entertainment
Religion
Holiday
For Kids
Quiz Lab
Recent
Popular Today
Quiz Kudos Today
Editor Picks
Curator Picks
Quizzes by...
Day
Popularity
Type
Ratings
Length
Year
Community
Subscriptions
Recent Discussions
Orange Saloon
Badges
Playlists
Quests
Create
Leaderboards
Showdown
Live 5
Trivia Bingo
Activity
Puzzle Library
Sporcle Events
Private Events
Virtual Trivia
Globe League
Become a Host
Pub Owners
SporcleCon
Opinionation
Our Games
Videos
Blog
Mobile Apps
Partnerships
Remove Ads and Go Orange
Feedback
Sports
Athletes
MLB
NBA
NHL
NFL
Soccer
Sports Teams
WWE
NCAA
Football
Premier League
Basketball
Baseball
Hockey
Golf
Tennis
Cricket
Rugby
Auto Racing
Olympics
World Cup
Sports
Athletes
MLB
NBA
NHL
NFL
Soccer
Sports Teams
WWE
NCAA
Football
Premier League
Basketball
Baseball
Hockey
Golf
Tennis
Cricket
Rugby
Auto Racing
Olympics
World Cup
Random Quiz
Search Sporcle
×
Quiz Lab
Quiz Lab
Sports
Athletes
Type in answers that appear in a list
Type in answers that appear in a list
Classic
Best Score? Go Orange.
20 Norwegian famous athletes Stats
Can you name the 20 Norwegian famous athletes?
By
carles_puyol
10m
20 Questions
185 Plays
185 Plays
185 Plays
Comments
Comments
Give Quiz Kudos
Give Quiz Kudos
-
- Ratings
hide this ad
Forced Order
Answers have to be entered in order
Answers have to be entered in order
Random Order
Randomize order of answers
Randomize order of answers
Replay
Link that replays current quiz
Next Quiz
Link to next quiz in quiz playlist
You Got
0%
They Got
Avg Score
72%
Avg Friend Score
Upgrade to see
Score Distribution
Jump to the score distribution portion of the page
Score
0/20
Timer
10:00
0
Plays Today
Description
Athlete
% Correct
A former footballer, who spent most of his career playing for Manchester United, mainly as a striker. In 1999 he scored the winning goal for United in Champions League final.
Ole Gunnar Solskjær
88.1%
A biathlete. He is often regarded as one of the greatest athletes of all time. He won six Olympic gold medals and 18 World Championship gold medals.
Ole Einar Bjørndalen
83.2%
A professional rally driver, currently driving for the Ford World Rally Team. In 2003 he won World Rally Championship as Subaru Impreza driver.
Petter Solberg
82.7%
A cross-
country skier. She is ranked first in the all-
time Cross-
Country World Cup rankings with fifty-
five individual victories. In 2010 at Olympics she won three gold medals.
Marit Bjørgen
82.2%
An alpine ski racer who has won the overall World Cup twice (1996, 1999). His combined career total of 16 Olympic and World Championship medals ranks second all-
time.
Lasse Kjus
77.8%
An alpine ski racer. He is only alpine skier to win 8 Olympic medals and has won 5 World Championship gold medals as well as 21 individual World Cup events.
Kjetil André Aamodt
77.3%
A cross-
country skier. With 8 Olympic gold medals, he is the most successful winter olympic champion of all time. He also won nine gold medals in the Nord World Ski Championships.
Bjørn Dæhlie
76.8%
A javelin thrower. He is the first male javelin thrower in history to be European champion, World champion and Olympic champion. He was Olympic champion in 2004 and 2008.
Andreas Thorkildsen
76.2%
An alpine skier. He is a two-
time overal World Cup champion (2007 and 2009), an Olympic gold medalist in Super G at 2010 Winter Olympics and a four-
time World Champion.
Aksel Lund Svindal
75.7%
A female cross-
country skier. At the 2010 Winter Olympics she won gold in the 4 x 5km relay. In 2011 in Oslo she won world championship in 30km freestyle.
Therese Johaug
73%
Description
Athlete
% Correct
A cross country skier and double Olympic champion from Vancouver. He has 9 World Championship and Winter Olympic gold medals with 13 medals overall.
Petter Northug
71.9%
A swimmer. In 2008 Olympics he won silver medal in 100m breaststroke. He was also world champion in 2011. Died in April 2012 because of heart attack.
Alexander Dale Oen
71.4%
A ski jumper. He won gold and silver medals at the 1994 Winter Olympics at Lillehammer. In 1994 he won World Cup overall and Four Hills Tournament.
Espen Bredesen
70.8%
A javelin thrower. In 1993 and 1997 she won a gold medal at world championships. In 2000 at Olympics in Sydney she grabbed Olympic championship title.
Trine Hattestad
70.3%
A former speed skater. In 1992 in Albertville he won his first Olympic gold medal. In 1994 in Lillehammer he won three golds.
Johan Olav Koss
69.2%
A biathlete. In Vancouver he won two gold medals and one silver. In his career he also won seven gold medals in world championships.
Emil Hegle Svendsen
69.2%
A former biathlete, wife of French biathlete. Seven-
time world champion. She also won two Olympic silver medals at Olympics in Salt Lake City.
Liv Grete Poirée
67%
A cross-
country skier who won three Olympic gold medals, all in 1992 in Albertville. In 1990 he won World Cup overall.
Vegard Ulvang
63.8%
A biathlete. He is Olympic Champion from Nagano 1998 in 20km individual. He also won bronze medal in 20 km individual and silver medal in 10 km sprint at the 2006 Winter Olympics.
Halvard Hanevold
62.7%
A former ski jumper. He dominated international jumping in the 1930s, winning three world championships in 1931, 1935 and 1937. He also won Olympic gold medal in 1932 and 1936.
Birger Ruud
47.6%
Quiz Playlist
Details
Report
Send in Message
Add To Playlist
Classic:
Type in answers that appear in a list
Forced Order:
Answers have to be entered in order
Random Order:
Randomize order of answers
Last Updated: Feb 16, 2017
Quiz Scoreboard
CHALLENGE
Sign Up to Join the Scoreboard
Show All
Scores
Hide
Comments
May contain spoilers
Recently Published
Street Fighter Characters
by Artimus82
Gaming
60s
9x9 Crossword: Cartoon Network
by jackfrog10
Miscellaneous
3m
College Basketball Coaching Resumes
by pancakes188
Sports
9m
More to Explore
Quiz From the Vault
Featured Blog Post
Where Did the Easter Bunny Come From?
hide this ad
You Might Also Like...
Tags
Athletes Quiz
Norway
Norwegian
Today's Top Quizzes in Sports
Browse Sports
hide this ad
Today's Top Quizzes in Athletes
Browse Athletes
Top Contributed Quizzes in Sports
1
2022 World Cup Stars
2
Les meilleurs buteurs des matchs entre le PSG et l’OM
3
FIFA Club World Cup Champions
4
Les entraîneurs de l'OM et du PSG au 21e siècle
5
Criteria MLB: Left Handed Sluggers
6
2023 MLB Unique Player Accomplishments
7
AFC Teams Reveal (Wrong Answers Minefield)
8
5-to-1: FBS Animal Nicknames
9
Players with Multiple 50 Home Run Seasons
10
5-to-1: UK Sports Teams
Explore More
Trending Topics
Harry Potter
Marvel
Disney
Crossword
NBA
Kpop
Anime
NFL
Soccer
Song
Pokémon
Puzzle
The Office
WWE
Country
hide this ad
More By:
carles_puyol
Quiz
Plays
Rating
Category
Featured
Created
Juventus XIs: since 1996/97 season
16,952
4.54
Sports
May 13, 2012
FC Barcelona XIs: since 1996/97 season
15,158
4.40
Sports
May 6, 2012
Real Madrid XIs: since 1996/97 season
13,596
4.65
Sports
May 6, 2012
AC Milan XIs: since 1996/97 season
12,721
4.29
Sports
May 8, 2012
Inter Milan XIs: since 1996/97 season
11,884
4.61
Sports
May 10, 2012
Go to Creator's Profile
Score Distribution
Quiz Creator Spotlight
carles_puyol
Follow
Send a Message
Quizzes Created
-
Created Quiz Play Count
-
More By This Creator
Popular Quizzes Today
1
Find the US States - No Outlines Minefield
2
Find the Countries of Europe - No Outlines Minefield
3
The Countries of the World
4
Find the US States
5
Risky Map Clicking: Biggest States A-Z
6
US States
7
Popular People in 1961
8
Movies - When Are They Set?
More Sports Quizzes
Atlanta Braves 25+ HRs Single Season
Published
Trending Quizzes
Risky Map Clicking: Least Populous States A-Z
Countries of the World: 200 Million BC
1-10 Letter G Words
Risky Map Clicking: Next State Alphabetically
Adjectives in 80s TV Shows
Recently Updated
Leaping Animals
pecheneg
Reality TV Shows (A-Z)
bhenderson79
Rickey Henderson's Hall of Fame Teammates
pecheneg
Champions League XIs: Arsenal
pecheneg
Quick Pick: Celebrities in WWE's Hall of Fame
aduchscher
A-Z Keypad Blitz II
pecheneg
Multiple Oscar Actors
pecheneg
Mystery Phrase Blitz: Oscar 'Best Actors'
pecheneg
F. Scott Fitzgerald Novels
LTH
Pick 3 Villains
ddd62291
Trending Topics
Marvel
Harry Potter
Crossword
NBA
Disney
Anime
Kpop
Pokémon
Country
WWE
Soccer
Puzzle
Song
The Office
NFL
Your Account Isn't Verified!
In order to create a playlist on Sporcle, you need to verify the email address you used during registration. Go to your
Sporcle Settings
to finish the process.
Report this User
Report this user for behavior that violates our
Community Guidelines
.
Details:
Send Report
Go to the Sporcle.com Mobile Site →
Comments